Normal view
MARC view
- Conferencia Internacional sobre la Población y el Desarrollo
Entry Nombre de Reunión
001 - NÚMERO DE CONTROL
- campo de control: 43211
003 - IDENTIFICADOR DE NÚMERO DE CONTROL
- campo de control: UPN
005 - FECHA Y HORA DE LA ÚLTIMA TRANSACCIÓN
- campo de control: 20210219194627.0
008 - DATOS DE LONGITUD FIJA
- campo de control de longitud fija: nabaccnnaabn|||||||||| b |nc|||||d
035 ## - NÚMERO DE CONTROL
- Número de control: UPN11000015318
040 ## - FUENTE DE CATALOGACIÓN
- Lenguaje de catalogación: SPA
- Agencia transcribió: UPN
111 2# - ENCABEZAMIENTO - NOMBRE DE REUNIÓN
- Nombre de reunión o de jurisdicción: Conferencia Internacional sobre la Población y el Desarrollo
- Fecha de la reunión : (1994 :
- Lugar de la reunión: El Cairo, Egipto)
670 ## - FUENTE EN LA QUE SE LOCALIZARON DATOS
- Cita de la fuente: T
- Información localizada: Ejecución del programa de acción de la conferencia internacional sobre la población y el desarrollo : Comité técnico para la revisión de avances CIPD+5 : síntesis
902 ## - CATALOGADOR
- Catalogador: CAA/040220
